Plus grandes villes de France sans la lettre E - Statistiques

Statistiques générales
  • Ce quiz a été pris 129 fois
  • Le résultat moyen est 10 sur 20
Statistiques - réponses
Population Ville % Correct
2.113.705 Paris
99%
520.774 Lyon
98%
291.709 Strasbourg
88%
159.941 Dijon
78%
180.834 Toulon
76%
104.387 Nancy
72%
138.668 Tours
66%
78.620 Pau
56%
67.585 Calais
48%
67.360 Colmar
46%
99.507 Roubaix
43%
91.760 Avignon
41%
99.160 Tourcoing
39%
75.343 Ajaccio
38%
106.220 Saint-Paul (La Réunion)
24%
62.487 Montauban
17%
65.102 Clichy
13%
71.312 Drancy
13%
64.026 Antony
10%
86.360 Aulnay-sous-Bois
9%
Aucun quiz correspondant
Distribution des résultats
% des personnes avec chaque résultat
Percentile par nombre de réponses
Votre historique - résultats
Vous n’avez pas pris ce quiz